00702nam a22001697a 450000500170000000800410001705000220005811101020008024501070018225000110028926000600030030000280036065000340038870000370042270000320045970000410049120190701101436.0190628b mx ||||| |||| 00| 0 spa d04aHG176.7bS46 19932 aSeminario internacional de ingeniería financierac(Querétaro :d25, 26 y 27 de marzo de 1993)10aSeminario internacional de ingeniería financierab : memoriac / Alejandro Díaz Landero...[et al.] a1a ed. aQuerétaro :bInstituto Mexicano del Transporte,c1993 a450 p. :bil. ;c27 cm. 72lembaIngeniería financiera1 aDíaz Landero, Alejandroeautor1 aHerrera Ramos, Marioeautor1 aArbesu Verduzco, Luis Ignacioeautor